5HLuxD.jpg

KING HENRY VIII SENIOR AND PRIMARY SCHOOL LIBRARY OPAC

Daily life in Shang Dynasty China / (Record no. 1969)

000 -LEADER
fixed length control field 01483cam a2200325 i 4500
001 - CONTROL NUMBER
control field 18450899
003 - CONTROL NUMBER IDENTIFIER
control field OSt
005 - DATE AND TIME OF LATEST TRANSACTION
control field 20230222083645.0
008 - FIXED-LENGTH DATA ELEMENTS--GENERAL INFORMATION
fixed length control field 150115s2016 iluab j b 001 0 eng
010 ## - LIBRARY OF CONGRESS CONTROL NUMBER
LC control number 2014049776
020 ## - INTERNATIONAL STANDARD BOOK NUMBER
International Standard Book Number 9781484625798 (pb)
040 ## - CATALOGING SOURCE
Original cataloging agency DLC
Language of cataloging eng
Transcribing agency DLC
Description conventions rda
Modifying agency DLC
-- KH8
042 ## - AUTHENTICATION CODE
Authentication code pcc
043 ## - GEOGRAPHIC AREA CODE
Geographic area code a-cc---
082 00 - DEWEY DECIMAL CLASSIFICATION NUMBER
Classification number 931.02 HIL
Edition number 23
100 1# - MAIN ENTRY--PERSONAL NAME
Personal name Hile, Lori,
Relator term author.
245 10 - TITLE STATEMENT
Title Daily life in Shang Dynasty China /
Statement of responsibility, etc. Lori Hile.
264 #1 - PRODUCTION, PUBLICATION, DISTRIBUTION, MANUFACTURE, AND COPYRIGHT NOTICE
Place of production, publication, distribution, manufacture Chicago, Illinois :
Name of producer, publisher, distributor, manufacturer Heinemann Raintree,
Date of production, publication, distribution, manufacture, or copyright notice [2016]
300 ## - PHYSICAL DESCRIPTION
Extent 48 pages :
Other physical details color illustrations, map ;
Dimensions 25 cm.
336 ## - CONTENT TYPE
Content type term text
Source rdacontent
337 ## - MEDIA TYPE
Media type term unmediated
Source rdamedia
338 ## - CARRIER TYPE
Carrier type term volume
Source rdacarrier
490 0# - SERIES STATEMENT
Series statement Daily life in ancient civilizations
504 ## - BIBLIOGRAPHY, ETC. NOTE
Bibliography, etc. note Includes bibliographical references (page 47).
505 0# - FORMATTED CONTENTS NOTE
Formatted contents note What was the Shang Dynasty? -- How did people in Shang Dynasty China worship God? -- What was Shang home and family life like? -- What kind of work did the people of the Shang Dynasty do? -- How did the Shang prevent and treat illnesses? -- How did the Shang prepare for battles and war? -- How is modern life like that in Shang Dynasty China? -- A day in the life of a Shang Dynasty girl -- Timeline.
651 #0 - SUBJECT ADDED ENTRY--GEOGRAPHIC NAME
Geographic name China
General subdivision History
Chronological subdivision Shang dynasty, 1766-1122 B.C.
Form subdivision Juvenile literature.
906 ## - LOCAL DATA ELEMENT F, LDF (RLIN)
a 7
b cbc
c orignew
d 1
e ecip
f 20
g y-gencatlg
942 ## - ADDED ENTRY ELEMENTS (KOHA)
Source of classification or shelving scheme
Koha item type Books - Non Ficton
Holdings
Withdrawn status Lost status Source of classification or shelving scheme Damaged status Not for loan Collection code Permanent Location Current Location Shelving location Date acquired Total Checkouts Full call number Barcode Date last seen Date last checked out Price effective from Koha item type
          Non-Fiction KH8 Primary School Library KH8 Primary School Library Non Fiction 2023-02-22 3 931.02 HIL KHPL000003680 2025-12-05 2025-01-14 2023-02-22 Books - Non Ficton

Powered By KH8 IT Dept